000 00767nam a2200241 a 4500
001 BRCA_7618
005 20190320205920.0
008 090713s1952----enka######---#000-0#eng-#
041 _aeng
044 _aenk
050 4 _aN1150
_b.M37 1952
245 1 0 _aMasterpieces in the Victoria and Albert Museum
_cVictoria and Albet Museum ; foreword by Leigh Ashton.
260 _aLondres
_bH. M. Stationery Office
_c1952
300 _a1 v. (sin paginación)
_bil., 225 láminas
_c25 cm.
500 _aT23
650 1 4 _aPinturas
_zLondres
_917341
650 1 4 _aGalerías y museos
_zInglaterra
_918790
650 1 4 _aPinturas
_vCatálogos
_94930
700 1 _aAshton, Leigh
_918791
710 2 _aVictoria and Albert Museum (Londres)
_918792
902 _aGFM
942 _2lcc
_cB
999 _c7292
_d7292